[Event "XVIe Open International d'été de Nice"]
[Site "Nice - Hotel Aston"]
[Date "????.??.??"]
[Round "9.9"]
[White "Van Hoolandt, Patrick"]
[Black "Aranovitch, Emiliano"]
[Result "1/2-1/2"]
[WhiteElo "2233"]
[BlackElo "2356"]
[PlyCount "30"]

1. d4 Nf6 2. c4 c5 3. d5 g6 4. Nc3 Bg7 5. e4 d6 6. Nf3 O-O 7. Bd3 e6 8. O-O
exd5 9. exd5 Bg4 10. h3 Bxf3 11. Qxf3 Nbd7 12. Qd1 Qb6 13. Bd2 Rae8 14. Qc2 Ne5
15. Be2 Re7 1/2-1/2

[Event "XVIe Open International d'été de Nice"]
[Site "Nice - Hotel Aston"]
[Date "????.??.??"]
[Round "9.23"]
[White "Vincenti, Francois-Xavier"]
[Black "Gertosio, Franck"]
[Result "1/2-1/2"]
[WhiteElo "1833"]
[BlackElo "2038"]
[PlyCount "28"]

1. d4 h6 2. e3 d5 3. c4 c6 4. Nf3 Nf6 5. Nc3 Bg4 6. Be2 e6 7. O-O Bb4 8. a3
Bxc3 9. bxc3 Ne4 10. Qc2 O-O 11. cxd5 cxd5 12. Rb1 Qc7 13. Bd2 Nd7 14. Rfc1
Rfc8 1/2-1/2